000 00866cam a22002174a 4500
005 20250605164252.0
008 250528s ||||||||||||||||||||||||d
035 _a21785
020 _a9789608065642
040 _aGR-AtMCL
_bgre
_dGR-AtMCL
_eAACR2
245 1 _aΠΟΙΗΣΗ ΓΙΑ ΠΑΙΔΙΑ ΚΑΙ ΝΕΟΥΣ
250 _a1
260 _bΖυγός,
_c2008
300 _a343
505 0 _aΕΡΕΥΝΑ ΔΙΑΔΡΟΜΕΣ ΤΗΣ ΕΛΛΗΝΙΚΗΣ ΠΟΙΗΣΗΣ ΑΝΑΓΝΩΣΗ/ΑΝΑΛΥΣΗ ΤΗΣ ΣΥΓΧΡΟΝΗΣ ΠΑΙΔΙΚΗΣ ΠΟΙΗΣΗΣ
520 _aΕΡΕΥΝΑ ΔΙΑΔΡΟΜΕΣ ΤΗΣ ΕΛΛΗΝΙΚΗΣ ΠΟΙΗΣΗΣ ΑΝΑΓΝΩΣΗ/ΑΝΑΛΥΣΗ ΤΗΣ ΣΥΓΧΡΟΝΗΣ ΠΑΙΔΙΚΗΣ ΠΟΙΗΣΗΣ
700 1 _aΚαρακιτσιος Ανδρεας
_97705
942 _cBK
999 _c6844
_d6844